000 00311nam a22001217a 4500
020 _a9789380578200
082 _a621.8
_bVAS/ME
100 _aVashist, Devendra
245 _aMechanical engineering fundamentals
260 _aNew Delhi
_bI.K International Publishing House Pvt. Ltd
300 _a432
942 _cBK
999 _c13668
_d13668